增广贤文 (Record no. 27520)

000 -LEADER
fixed length control field 00519nam a22001937a 4500
003 - CONTROL NUMBER IDENTIFIER
control field MPLRDC
005 - DATE AND TIME OF LATEST TRANSACTION
control field 20220104125446.0
008 - FIXED-LENGTH DATA ELEMENTS--GENERAL INFORMATION
fixed length control field 210129b ||||| |||| 00| 0 eng d
020 ## - INTERNATIONAL STANDARD BOOK NUMBER
International Standard Book Number 7-5312-1749-X
082 ## - DEWEY DECIMAL CLASSIFICATION NUMBER
Classification number 192.8 SYB
100 ## - MAIN ENTRY--PERSONAL NAME
Personal name 石延博编著
245 ## - TITLE STATEMENT
Title 增广贤文
Statement of responsibility, etc.
250 ## - EDITION STATEMENT
Edition statement 一版二刷
260 ## - PUBLICATION, DISTRIBUTION, ETC.
Place of publication, distribution, etc. 中国
Name of publisher, distributor, etc. 内蒙古少年儿童出版社
Date of publication, distribution, etc. 2004
300 ## - PHYSICAL DESCRIPTION
Other physical details 90
490 ## - SERIES STATEMENT
Series statement 中华儿童背诵经典. 小智童珍藏版二
650 ## - SUBJECT ADDED ENTRY--TOPICAL TERM
Topical term or geographic name entry element 格言; 箴言; 金言
942 ## - ADDED ENTRY ELEMENTS (KOHA)
Koha item type Book
-- 192.8 SYB
Holdings
Withdrawn status Lost status Source of classification or shelving scheme Damaged status Not for loan Collection code Home library Current library Shelving location Date acquired Cost, normal purchase price Total Checkouts Full call number Barcode Date last seen Date last checked out Price effective from Koha item type Public note
            Malaysian Public Library, Research and Development Centre Malaysian Public Library, Research and Development Centre   10/12/2007 10.80   192.8 SYB 00027591 17/03/2021 18/04/2010 17/03/2021 Book mplrdc

© 2022. Malaysian Public Library, Research and Development Centre. All Right ReservedE-mailmplrdc@help.edu.my 

Powered by Koha